最新麻醉護理實務 : (Record no. 7647)

MARC details
000 -記錄標示
fixed length control field 01320cam a2200373 i 4500
001 - 控制號(記錄識別欄)
control field C010062024132
003 - 控制號標識
控制識別號 yeezen
005 - 最後更新時間
control field 20250701151253.0
008 - 定長欄資料代碼
fixed length control field 241022s2023 ch ad g 000 0 chi d
020 ## - 國際標準書號
國際標準書號 9786267093313
限定資訊 (平裝) :
價格與相關資訊 NT$1100
035 ## - 系統控制號
系統控制號 (Sirsi) C010062024132
040 ## - 編目來源
原編目機構 NTUNHS
編目語言 chi
移轉機構 NTUNHS
041 1# - 語言代碼
正文或其他題名語言代碼 chi
翻譯作品原文 eng
042 ## - 編目審定機構代碼
編定審定機構代碼 nbic
084 ## - 其它分類號
分類號 416.5
號碼來源 ncsclt
090 ## - 館藏紀錄
Classification number (OCLC) (R) ; Classification number, CALL (RLIN) (NR) 416.5
100 1# - 主要款目--主要著者
個人姓名 伊利沙
作者原名 (Elisha, Sass)
240 10 - 劃一題名
Uniform title Current anesthesia practice.
Language of a work 中文
245 10 - 題名及著者敘述項
正題名 最新麻醉護理實務 :
其他題名 執業四大核心知識指南 /
著者敍述 Sass Elisha, John J. Nagelhout, Jeremy S. Heiner作 ; 方郁嵐等翻譯
246 1# - 題名的其他形式
顯示文字 原文副題名 :
題名 evaluation & certification review.
246 30 - 題名的其他形式
題名 執業四大核心知識指南
246 33 - 題名的其他形式
題名 麻醉護理實務
250 ## - 版本項
版本敍述 一版
260 ## - 出版項
出版地 臺北市 :
出版者 臺灣愛思唯爾,
出版年 2023.09
300 ## - 稽核項
數量(面數, 冊數或其他) 8, 412面 :
插圖及其他 部份彩圖, 表格 ;
高廣尺寸 26公分
500 ## - 一般註
一般註 附錄: 1. 知識測驗解答 ; 2. 彩色圖片
500 ## - 一般註
一般註 譯自: Current anesthesia practice : evaluation & certification review.
650 #7 - 標題附加款目--主題用語
主題用語 麻醉學
標題系統出處 lcstt.
650 #7 - 標題附加款目--主題用語
主題用語 專科護理師
標題系統出處 lcstt.
700 1# - 附加款目--個人名稱
個人姓名 納吉侯特
頭銜等修飾語 (Nagelhout, John J.)
700 1# - 附加款目--個人名稱
個人姓名 海納
頭銜等修飾語 (Heiner, Jeremy S.)
700 1# - 附加款目--個人名稱
個人姓名 方郁嵐
942 ## - 附加款目元素 (KOHA)
分類法來源 中文圖書分類法
Koha 館藏類型 長期借閱書籍
Holdings
撤銷狀態 遺失狀態 分類號來源 損壞狀態 不外借 永久館藏地 現在館藏地 書架位置 採購日期 全部借出 全部續借 完整索書號 條碼號 還書日 最後一次日期記錄 Date last checked out 一般價格有效日期 Koha館藏類型
未註銷館藏 未遺失 中文圖書分類法 未損毀 可外借 怡仁綜合醫院圖書館 怡仁綜合醫院圖書館 麻醉科 2025-07-01 5 1 416.5 C03233 2026-06-30 2026-01-02 2026-01-02 2025-07-01 長期借閱書籍
怡仁醫院| 地址:32643桃園市楊梅區楊新北路321巷30號 | 服務專線:03-4855566 | 電子郵件信箱:
Copyright © 1996 CHC Hospital